| 000 | 00659nam a22002297a 4500 | ||
|---|---|---|---|
| 003 | DO-SdBNP | ||
| 005 | 20170113130633.0 | ||
| 008 | 160718 1978 ck a spa d | ||
| 020 | _a9580407053 | ||
| 020 | _a9580407444 | ||
| 040 |
_aBPMSU _bspa _cBPMSU |
||
| 092 |
_axxxxx _bxxxxx |
||
| 100 | 1 | _aBennett, Marian | |
| 245 | 1 | 0 |
_aDaniel en la cueva de los leones / _cMarian Bennett ; ilustraciones Borje Svensson |
| 260 |
_aColombia : _bNorma, _c1978. |
||
| 300 |
_a[14] p. : _bil. ; _c16 cm. |
||
| 490 | 0 | _aFantasÃa religiosos | |
| 700 | 1 | 2 |
_aSvensson, Borje _eil. |
| 830 | 0 | _aFantasÃa reliosos | |
| 942 |
_2ddc _cBK |
||
| 956 |
_2YLOCKWARD _310 _8BPMSU _a00144 |
||
| 999 |
_c12457 _d12457 |
||